Statistics for Order of wickets in cricket

Click here to take the quiz!

General Stats

  • This quiz has been taken 4,648 times
  • The average score is 8 of 11

Answer Stats

HintAnswer% Correct
1st wicket1
100%
2nd wicket3
91%
3rd wicket4
89%
4th wicket5
87%
5th wicket6
86%
6th wicket7
84%
7th wicket2
68%
8th wicket9
55%
9th wicket10
49%
10th wicket11
44%
Not out8
35%

Score Distribution

Percentile by Number Answered

Percent of People with Each Score

Your Score History

You have not taken this quiz